Enhypen - Statistics

General Stats
  • This quiz has been taken 966 times
  • The average score is 14 of 23
Answer Stats
Border: Day One % Correct
Given-taken
90%
Drunk-Dazed
88%
Fever
85%
Tamed-Dashed
81%
Blessed-Cursed
77%
Polaroid Love
73%
10 Months
69%
Flicker
69%
Go Big or Go Home
69%
Not For Sale
65%
Mixed Up
63%
Attention, please!
59%
BlockBuster
59%
Upper Side Dreamin'
59%
Just a Little Bit
56%
Let Me In (20 Cube)
50%
Intro: Walk the Line
41%
Intro: The invitation
38%
Outro: Cross the Line
36%
Intro: Whiteout
34%
Outro: The Wormhole
34%
Interlude: Question
33%
Outro: Day 2
32%
No matching quizzes found
Score Distribution
Percent of People with Each Score
Percentile by Number Answered
Your Score History
You have not taken this quiz